000 00526nam a22002057a 4500
003 DO-SdBNP
005 20210922140934.0
007 ta
008 210922b 2017 dr 00| 0 eng d
020 _a9789945167917
040 _aDO-SdBNP
_bspa
_cBNPHU
082 4 _aBNPHU
_bP438c
100 1 _aPérez, Faustino
_91945
245 1 0 _aCuentos en cuarentena /
_cFaustino Pérez
260 _aSanto Domingo :
_bBúho,
_c2017.
300 _a77 p. ;
_c22 cm.
590 _aInventariado, 2021/BT
910 _aBtavárez
942 _2ddc
_cLBS1
999 _c50633
_d50633